Tìm hiểu nghệ thuật thị giác

Sparad:
Bibliografiska uppgifter
Huvudupphovsman: Nguyễn, Hoàng Huy
Materialtyp: Bok
Publicerad: Hà Nội Thanh Niên 2010
Ämnen:
Taggar: Lägg till en tagg
Inga taggar, Lägg till första taggen!
Thư viện lưu trữ: Trung tâm Học liệu Lê Vũ Hùng, Trường Đại học Đồng Tháp
LEADER 00682pam a22002178a 4500
001 00037429
005 20171102081154.0
008 170512s2010 ||||||Viesd
041 0 # |a Vie 
082 1 4 |a 740  |b T310H 
100 1 # |a Nguyễn, Hoàng Huy 
245 1 0 |a Tìm hiểu nghệ thuật thị giác  |c Nguyễn Hoàng Huy 
260 # # |a Hà Nội  |b Thanh Niên  |c 2010 
300 # # |a 425tr  |c 24cm. 
653 # # |a Nghệ thuật 
653 # # |a giác quan 
653 # # |a thị giác 
852 # # |b Kho đọc  |j KD.1000489 
852 # # |j KD.0021369  |j KM.0022024 
910 |d 12/05/2017 
980 # # |a Trung tâm Học liệu Lê Vũ Hùng, Trường Đại học Đồng Tháp